000 00921nas a2200289 4500
001 BR2011006862
003 BR-BrBNA
005 20231205120056.0
007 ta
008 230509b bl.|||p| |||| 00| 00por d
040 _aBR-BrBNA
_bpor
_cBiblioteca Nacional de Agricultura
041 _a(Pt)
072 _aP36
100 1 _aSilva, W.G.P. da
100 1 _aAmaral Sobrinho, N.M.B. do
100 1 _aMazur, N.
245 1 _aUso de fosfato para remoção de arsênio de solo contaminado
650 _aTOXIDEZ
650 _aRECUPERAÇÃO DO SOLO
650 _aTOXIDEZ
650 _aCOAGULAÇÃO
650 _aCOMPOSTO INORGÂNICO
773 0 _tRevista Brasileira de Engenharia Agrícola e Ambiental (Brazil)
_xISSN 1807-1929
_g(Jan 2010), v.14(1) p. 101-106
_wBR2011006862
856 4 0 _uhttp://www.scielo.br/pdf/rbeaa/v14n1/v14n01a14.pdf
909 _a202311
_bLúcia
_c55
_dLúcia Elande
942 _2AGRIS
_n0
_cANA
999 _c216957
_d216957